000 00716nam a2200241Ia 4500
003 GCL
008 140319s9999 xx 000 0 ara d
040 _aGCL /
_cGCL
082 0 4 _a373.19
_bم ط
100 1 _aمحمد عبدالقادر احمد عطا
245 1 0 _aطرق تعليم الادب والنصوص /
_cمحمد عبدالقادر احمد عطا
260 _a[S.N] :
_bمكتبة النهضة المصرية ،
_c1988
300 _a392 ص
490 _a
650 0 4 _aطرق التدريس
650 0 4 _aالتعليم
650 0 4 _aالنحو
650 0 4 _aالتربية
650 0 4 _aالادب
650 0 4 _aاللغة العربية
650 0 4 _aالبلاغة
942 _2ddc
_cBK
999 _c28006
_d28006